|
|
|
|
| LEADER |
01110nam a2200253 a 4500 |
| 001 |
16776565 |
| 008 |
111218s2011 ii a b 001 0 eng d |
| 010 |
|
|
|a 2011019404
|
| 020 |
|
|
|a 9788132106418 (hard back)
|
| 020 |
|
|
|a 8132106415 (hard back)
|
| 040 |
|
|
|a DLC
|c DLC
|d YDX
|d BTCTA
|d YDXCP
|d UKMGB
|d DKAGE
|d DLC
|d BD-DhAAL
|
| 082 |
0 |
0 |
|a 338.954
|2 22
|
| 245 |
0 |
0 |
|a Migration, remittances, and development in South Asia /
|c edited by Saman Kelegama.
|
| 260 |
|
|
|a New Delhi ;
|a Thousand Oaks, Calif. :
|b SAGE Publications,
|c 2011.
|
| 300 |
|
|
|a xxii, 346 p. :
|b ill. ;
|c 23 cm.
|
| 504 |
|
|
|a Includes bibliographical references and index.
|
| 541 |
1 |
|
|e 00023991
|
| 650 |
|
0 |
|a Emigrant remittances
|z South Asia.
|
| 650 |
|
0 |
|a Economic development
|z South Asia.
|
| 650 |
|
0 |
|a Emigration and immigration
|z South Asia.
|
| 700 |
1 |
|
|a Kelegama, Saman.
|
| 852 |
1 |
|
|a Ayesha Abed Library
|j General shelf
|
| 999 |
|
|
|c 11627
|d 11627
|
| 952 |
|
|
|0 0
|1 0
|2 ddc
|4 0
|6 338_954000000000000_MIG
|7 0
|9 18917
|a IGS
|b IGS
|c GEN
|d 2011-12-18
|e Institute of Policy Studies of Sri Lanka
|g 2500.00
|l 1
|m 3
|o 338.954 MIG
|p 3010023991
|r 2014-06-09
|s 2012-12-31
|t 1
|w 2011-12-18
|y BK
|